Posúdenie pevnosti stavebného vežového žeriavu

Salvato in:
Dettagli Bibliografici
Autore principale: Kleman, Kristián (Autore)
Altri autori: Garan, Martin (Relatore della tesi)
Natura: Manoscritto Libro
Lingua:slovacco
Pubblicazione: 2020
Soggetti:
Accesso online:http://is.stuba.sk/zp/portal_zp.pl?podrobnosti=143902
Tags: Aggiungi Tag
Nessun Tag, puoi essere il primo ad aggiungerne!!

MARC

LEADER 00000ntm a22000003a 4500
001 stuzp77329
003 SK-STU
005 20200711210349.4
007 ta
008 150427s2015----xo-----f-mn---000-0-slo-d
040 |a STU  |b slo 
041 0 |a slo 
100 1 |a Kleman, Kristián  |u 020010  |4 aut  |U SjF Strojnícka fakulta  |T SjF Ústav aplikovanej mechaniky a mechatroniky  |X 93130  |U J0010  |Y 801  |7 93130 
242 0 1 |a The strength assessment of the civil engineering tower crane  |y eng 
245 1 0 |a Posúdenie pevnosti stavebného vežového žeriavu 
260 |c 2020 
650 4 |a FEM  |2 eng 
650 4 |a stress  |2 eng 
650 4 |a crane  |2 eng 
650 4 |a žeriav  |2 slo 
650 4 |a napätie  |2 slo 
650 4 |a MKP  |2 slo 
700 1 |a Garan, Martin  |u 020010  |k Z1  |4 ths  |U SjF Strojnícka fakulta  |T SjF Ústav aplikovanej mechaniky a mechatroniky  |X 10008  |U J0010  |Y 801  |7 A000010008 
856 4 |u http://is.stuba.sk/zp/portal_zp.pl?podrobnosti=143902